Geographische Besonderheiten Ländern zuordnen #1 - Statistiken

Allgemein
  • Dieses Quiz wurde 188 mal gespielt
  • Das Durchschnittsergebnis liegt bei 22 aus 30
Antwortstatistiken
Geographische Besonderheit Land % Korrekt
Amazonas-Regenwald Südamerika
99%
Grand Canyon USA
99%
Mount Everest Nepal
97%
Great Barrier Reef Australien
95%
Bodensee Deutschland / Österreich / Schweiz
92%
Alpen Mitteleuropa
92%
Große Mauer China
90%
Rocky Mountains USA / Kanada
90%
Niagarafälle Kanada / USA
86%
Yellowstone-Nationalpark USA
86%
Machu Picchu Peru
85%
Mount Fuji Japan
84%
Uluru (Ayers Rock) Australien
82%
Stonehenge England
81%
Ganges-Fluss Indien
81%
Kilimandscharo Tansania
77%
Totes Meer Israel / Jordanien
73%
*Sahara Nordafrika
73%
Yangtze-Fluss China
71%
Wüste Gobi China / Mongolei
71%
Gletscher von Patagonien Argentinien / Chile
68%
Angkor Wat Kambodscha
66%
Borneo-Regenwald Malaysia / Indonesien / Brunei
66%
Atacama Chile
58%
Serengeti Tansania
49%
Komodo-Inseln Indonesien
45%
Lake Baisal Russland
42%
Isle of Skye Schottland
42%
Antelope Canyon USA
40%
Victoriafälle Sambia / Simbabwe
38%
Keine übereinstimmenden Quizze gefunden
Verteilung der Resultate
Anzahl Personen mit jedem Resultat
Perzentil nach korrekt beantworteten Fragen
Ihre Resultats-Entwicklung
Sie haben dieses Quiz noch nicht gespielt